| 000 | 00440nam a2200181Ia 4500 | ||
|---|---|---|---|
| 001 | 16261 | ||
| 005 | 20260306170256.0 | ||
| 008 | 260306t2007||||xx |||||||||||||| ||und|| | ||
| 041 | _aESP | ||
| 082 |
_a347.51 _bO64 |
||
| 100 |
_aOré Sosa, Eduardo Arsenio _eAUT |
||
| 245 | 0 | _aLa infracción del derecho de marca | |
| 260 | _c2007 | ||
| 300 |
_a259 páginas : _c21 cm. |
||
| 650 | _aGEN | ||
| 654 | _aCDE | ||
| 942 |
_cLIB _dJUS _fJUS _2ddc _n |
||
| 999 |
_c16261 _d16261 |
||